| 000 | 00349nam a2200133Ia 4500 | ||
|---|---|---|---|
| 008 | 230818s1993 xx 000 0 und d | ||
| 041 | _aeng | ||
| 100 | _aAndrews | ||
| 245 | _aHotel Front office Office training Manual | ||
| 260 |
_bTata MC GrawHill Pub. _c1993 |
||
| 300 | _a176p | ||
| 520 | _aGeneral | Hard Board | ||
| 999 |
_c853870 _d853870 |
||
| 650 | _aHotel Front office | ||